| 000 | 00472nam a22001691a 4500 | ||
|---|---|---|---|
| 020 | _a9780198070580 | ||
| 082 |
_a954.035 _bUMA/T |
||
| 100 | _aUma Iyengar | ||
| 245 |
_aTogether they fought: _bGandhi-Nehru correspondence 1921-1948/ _cby Uma Iyengar |
||
| 260 |
_aNew Delhi: _bOxford University Press, _c2011. |
||
| 300 | _a558p. | ||
| 650 | _aGandhi-Nehru Correspondence | ||
| 650 | _aHistory India | ||
| 650 | _aHistory | ||
| 700 | _aLalitha Zackariah | ||
| 942 | _cBK | ||
| 999 |
_c47266 _d47266 |
||